[Event "ISR-chT 1011"]
[Site "Israel"]
[Date "2011.06.10"]
[Round "11.2"]
[White "Kudischewitsch, David"]
[Black "Palgi, Niv"]
[Result "1-0"]
[WhiteElo "2348"]
[BlackElo "2268"]
[PlyCount "57"]
[EventDate "2010.12.24"]
[EventType "team-tourn"]
[EventRounds "11"]
[EventCountry "ISR"]
[SourceTitle "EXT 2012"]
[Source "ChessBase"]
[SourceDate "2011.11.24"]
[SourceVersion "1"]
[SourceVersionDate "2011.11.24"]
[SourceQuality "1"]
[WhiteTeam "Netanya"]
[BlackTeam "Beer Sheva V"]
[WhiteTeamCountry "ISR"]
[BlackTeamCountry "ISR"]

1. d4 Nf6 2. c4 c5 3. d5 e6 4. Nc3 exd5 5. cxd5 d6 6. h3 g6 7. Qd3 Bg7 8. Qe3+ Kf8 9. g4 h6 10. Bg2 Kg8 11. Nf3 Na6 12. 0-0 Nc7 13. Nd2 b5 14. Qg3 h5 15. g5 h4 16. Qh2 Nh5 17. Nf3 Rb8 18. e4 Qe7 19. Rd1 Ne8 20. Be3 b4 21. Na4 Ba6 22. e5 dxe5 23. Bxc5 Qd7 24. b3 Nf4 25. Nd4 Rh5 26. Nc6 Rxg5 27. Nxb8 Nxh3+ 28. Kh1 Nxf2+ 29. Bxf2 1-0

[Event "ISR-chT 1011"]
[Site "Israel"]
[Date "2010.12.24"]
[Round "1.3"]
[White "Palgi, Niv"]
[Black "Huzman, Alexander"]
[Result "0-1"]
[WhiteElo "2268"]
[BlackElo "2598"]
[PlyCount "76"]
[EventDate "2010.12.24"]
[EventType "team-tourn"]
[EventRounds "11"]
[EventCountry "ISR"]
[SourceTitle "EXT 2012"]
[Source "ChessBase"]
[SourceDate "2011.11.24"]
[SourceVersion "1"]
[SourceVersionDate "2011.11.24"]
[SourceQuality "1"]
[WhiteTeam "Beer Sheva V"]
[BlackTeam "Beer Sheva"]
[WhiteTeamCountry "ISR"]
[BlackTeamCountry "ISR"]

1. d4 Nf6 2. c4 e6 3. Nf3 d5 4. Nc3 c6 5. Bg5 h6 6. Bh4 dxc4 7. e4 g5 8. Bg3 b5 9. Be2 Bb7 10. e5 Nd5 11. h4 g4 12. Nd2 h5 13. a4 Nd7 14. 0-0 a6 15. Nde4 Qb6 16. Nxd5 cxd5 17. Nd6+ Bxd6 18. exd6 0-0-0 19. axb5 axb5 20. Qd2 f6 21. b3 e5 22. bxc4 dxc4 23. Rfb1 Qc6 24. Bf1 Qxd6 25. Rxb5 Qxd4 26. Qa5 Nb8 27. Bxc4 Rd6 28. Rc1 Nc6 29. Bd5 Rxd5 30. Rxd5 Qe4 31. Qc5 Rd8 32. Rxd8+ Kxd8 33. Qf8+ Kd7 34. Qxf6 Nd4 35. Qf7+ Kd6 36. Qc7+ Ke6 37. Qb6+ Kf5 38. f3 Qe3+ 0-1